Chile: the legacy of hispanic capitalism
Zapisane w:
| 1. autor: | |
|---|---|
| Format: | Książka |
| Język: | angielski |
| Wydane: |
Nueva York
Oxford University
1979
|
| Seria: | Latin American Histories
|
| Hasła przedmiotowe: | |
| Etykiety: |
Dodaj etykietę
Nie ma etykietki, Dołącz pierwszą etykiete!
|
MARC
| LEADER | 00000nam a2200000 a 4500 | ||
|---|---|---|---|
| 001 | UCT7117 | ||
| 003 | CL-VaPUC | ||
| 005 | 20211230074110.0 | ||
| 008 | 970116e19790000US |||||||||||||||||eng|d | ||
| 999 | |c 255778 |d 255776 | ||
| 040 | |c Pontificia Universidad Católica de Valparaíso | ||
| 082 | 0 | 4 | |a 320.983 LOV 1979 |2 21 |
| 100 | |a Loveman, Brian |e autor |9 576386 | ||
| 245 | 1 | 0 | |a Chile: |b the legacy of hispanic capitalism |
| 260 | |a Nueva York |b Oxford University |c 1979 | ||
| 300 | |a 429 p | ||
| 490 | 0 | |a Latin American Histories | |
| 583 | |a last modification |c 19970116 00:00:00 |k Rodrigo Vera | ||
| 650 | 0 | |a Política |9 255312 | |
| 650 | 7 | |a POLITICA INTERNA |2 CL-VaPUC |9 342443 | |
| 650 | 0 | |a República |9 310048 | |
| 650 | 7 | |a SISTEMAS POLITICOS |2 CL-VaPUC |9 377811 | |
| 650 | 0 | |a Economía |9 255568 | |
| 650 | 0 | |a Democracia |9 255256 | |
| 650 | 7 | |a MARXISMO |2 CL-VaPUC |9 377812 | |
| 650 | 0 | |a Comunismo |9 255588 | |
| 650 | 0 | |a Historia |9 255047 | |
| 651 | 7 | |a CHILE |2 CL-VaPUC |9 377813 | |
| 942 | |c BK |2 ddc | ||
| 945 | |d 19970116 00:00:00 |a paguirre | ||
| 952 | |0 0 |1 0 |4 0 |6 320_983000000000000_LOV_1979 |7 0 |8 A |9 278194 |a BIBDER |b BIBDER |d 2019-11-19 |i 1806424 |l 1 |o 320.983 LOV 1979 |p 1806424 |r 2023-10-12 |s 2023-09-13 |w 2019-11-19 |y BK |k DER | ||
| 952 | |0 0 |1 0 |2 ddc |4 0 |6 320_983000000000000_LOV_1979 |7 0 |8 A |9 495820 |a BIBGIM |b BIBGIM |d 2020-01-07 |e Donación |i 561421K |l 2 |o 320.983 LOV 1979 |p 561421K |r 2025-01-15 |s 2023-06-09 |t 2 |w 2020-01-07 |y BK |k GIM | ||